000 00438nam a2200181Ia 4500
001 25073
005 20260414151125.0
008 260414t2020||||xx |||||||||||||| ||spa||
041 _aESP
082 _a346.2
_bA32R
100 _aAguilar Llanos, Benjamín
_eAUT
245 0 _aRelaciones familiares y herencia
_b
260 _c2020
300 _a878 páginas :
_c25 cm.
650 _aDER
654 _aCDE
942 _cLIB
_dJUS
_fJUS
_2ddc
_n
999 _c25073
_d25073